<?xml version="1.0" encoding="UTF-8"?>
<record
    xmlns:xsi="http://www.w3.org/2001/XMLSchema-instance"
    xsi:schemaLocation="http://www.loc.gov/MARC21/slim http://www.loc.gov/standards/marcxml/schema/MARC21slim.xsd"
    xmlns="http://www.loc.gov/MARC21/slim">

  <leader>00688nab a2200193uuc4500</leader>
  <controlfield tag="001">1510577</controlfield>
  <controlfield tag="005">20240202131757.0</controlfield>
  <controlfield tag="008">181030e20180705                    spa  </controlfield>
  <datafield tag="035" ind1=" " ind2=" ">
    <subfield code="a">1510577</subfield>
  </datafield>
  <datafield tag="040" ind1=" " ind2=" ">
    <subfield code="c">comduadb</subfield>
  </datafield>
  <datafield tag="041" ind1=" " ind2=" ">
    <subfield code="a">spa</subfield>
  </datafield>
  <datafield tag="100" ind1="1" ind2="0">
    <subfield code="a">Espinoza Lolas, Ricardo Andres, </subfield>
    <subfield code="d">1967-</subfield>
    <subfield code="4">aut</subfield>
    <subfield code="e">aut</subfield>
    <subfield code="9">784258</subfield>
  </datafield>
  <datafield tag="245" ind1="1" ind2="0">
    <subfield code="a">Realidad y arte en Zubiri</subfield>
  </datafield>
  <datafield tag="600" ind1=" " ind2="4">
    <subfield code="a">Zubiri, Xavier,</subfield>
    <subfield code="d">1898-1983</subfield>
    <subfield code="9">241303</subfield>
  </datafield>
  <datafield tag="700" ind1="1" ind2="0">
    <subfield code="a">Bertolini, Patricio Lombardo</subfield>
    <subfield code="4">aut</subfield>
    <subfield code="e">aut</subfield>
    <subfield code="9">777312</subfield>
  </datafield>
  <datafield tag="700" ind1="1" ind2="0">
    <subfield code="a">Vilches, Daniel</subfield>
    <subfield code="4">aut</subfield>
    <subfield code="e">aut</subfield>
    <subfield code="9">778199</subfield>
  </datafield>
  <datafield tag="773" ind1="0" ind2=" ">
    <subfield code="t">Co-herencia : Revista de Humanidades (Medell&#xED;n)</subfield>
    <subfield code="g">Volumen 15, N&#xFA;mero 29, Julio-Diciembre de 2018, 179 - 196</subfield>
    <subfield code="w">911085</subfield>
    <subfield code="x">1794-5887</subfield>
    <subfield code="0">338993</subfield>
  </datafield>
  <datafield tag="942" ind1=" " ind2=" ">
    <subfield code="c">ARIMP</subfield>
  </datafield>
  <datafield tag="999" ind1=" " ind2=" ">
    <subfield code="c">789414</subfield>
    <subfield code="d">789414</subfield>
  </datafield>
</record>
